[Event "Pardubice Czech op-E 33rd"]
[Site "Pardubice"]
[Date "2022.07.16"]
[Round "5.2"]
[White "Volak, Simon"]
[Black "Postupa, Pavel"]
[Result "0-1"]
[WhiteElo "2082"]
[BlackElo "2235"]
[PlyCount "116"]
[EventDate "2022.07.14"]
[EventType "team-swiss"]
[EventRounds "7"]
[EventCountry "CZE"]
[SourceTitle "CBM 209 Extra"]
[Source "ChessBase"]
[SourceDate "2022.09.30"]
[SourceVersion "1"]
[SourceVersionDate "2022.09.30"]
[SourceQuality "1"]
[WhiteTeam "Rychnov nad Kneznou Panda"]
[BlackTeam "Pankrac"]
[WhiteTeamCountry "CZE"]
[BlackTeamCountry "CZE"]

1. e4 c5 2. Nf3 d6 3. c3 Nf6 4. h3 Nbd7 5. Bd3 b6 6. 0-0 Bb7 7. Re1 Qc7 8. Bc2 Rc8 9. d3 e6 10. Nbd2 Be7 11. Nf1 0-0 12. Ng3 Rfd8 13. Bf4 b5 14. Rc1 Nf8 15. Qe2 Ng6 16. Bd2 Qb8 17. Nh2 d5 18. e5 Nd7 19. d4 cxd4 20. cxd4 Rc4 21. Nf3 Rdc8 22. Bd3 Rxc1 23. Rxc1 Rxc1+ 24. Bxc1 Qc7 25. Bd2 b4 26. Ng5 Qb6 27. Nf3 b3 28. axb3 Qxb3 29. Bc1 Nb8 30. Bc2 Qb6 31. Qd1 Nc6 32. Ne2 Na5 33. Nc3 Bc6 34. Na4 Qb8 35. Nc3 Qb4 36. Na2 Qb6 37. Nc3 Nc4 38. b3 Na5 39. Na4 Bxa4 40. bxa4 Nc4 41. Bb3 Na5 42. Bc2 Bb4 43. Bd2 Bxd2 44. Qxd2 Nc4 45. Qc1 Nf8 46. Bd3 Nb2 47. Bb5 Nc4 48. Bxc4 dxc4 49. Qxc4 h6 50. Nd2 Qb2 51. Nf3 Ng6 52. g3 Ne7 53. Kg2 Nd5 54. Qc8+ Kh7 55. g4 Nf4+ 56. Kg3 Nd3 57. g5 Qxf2+ 58. Kg4 h5+ 0-1